000 00995nam a2200265 i 4500
001 C2-0320842
003 PPAK
005 20180728120200.0
008 130114s2012 my a|||| ||||| | may d
020 _a9789675841293
040 _aPPAK
_beng
_cPPAK
_erda
082 0 4 _a959.5
_223
090 0 0 _a959.5
_bTUN
_dK
245 0 0 _aTun Abdullah mengamal ketelusan
264 1 _aAmpang, Selangor :
_bPekan Ilmu Publications ,
_c2012
300 _a60 pages :
_bcolour illustrations ;
_c25 cm
336 _2rdacontent
_atext
337 _2rdamedia
_aunmediated
338 _2rdacarrier
_avolume
490 1 _aSiri Malaysiaku : cabaran mengisi kemerdekaan
650 1 0 _aAbdullah bin Haji Ahmad Badawi, Tun, 1930-. ; Prime ministers - Malaysia - Juvenile literature. ; Politicians - Malaysia - Juvenile literature. ; Malaysia - Politics and government - Juvenile literature.
700 0 _aMarina Mohd Amin,
_ecompile
830 0 _aSiri Malaysiaku : cabaran mengisi kemerdekaan
942 _ddc
_cB
999 _c121417
_d121417